| 000 | 00507nam a2200193 a 4500 | ||
|---|---|---|---|
| 001 | 1768888605676 | ||
| 003 | YourLibrary | ||
| 005 | 20260120141447.0 | ||
| 008 | 260120s2008##################000#0#eng## | ||
| 020 | _a9780230537439 | ||
| 082 | 0 | 4 |
_a303.4833 _bGIB |
| 100 | 1 |
_aGiblett, Rod, _eauthor. |
|
| 245 | 1 | 0 | _aSublime Communication Technologies : |
| 260 |
_bPalgrave MacMillan, _c2008. |
||
| 300 | _a240 pages | ||
| 650 | 0 | _aComputers. | |
| 942 | _cENGLISH | ||
| 040 |
_aYourLibrary _beng _cYourLibrary |
||
| 999 |
_c608675 _d608675 |
||